Superior customer service : how to keep customers racing back to your business-time-tested examples from leading companies

Bibliographic Details
Main Author: Blacharski, Dan
Format: Book
Published: Florida : Atlantic Publishing , 2006
Subjects:

MARC

LEADER 00000cam a2200000 7i4500
001 0000015520
005 20080328.0
008 080328
020 |a 0910627525 
090 0 0 |a 658.812   |b BLA 
100 1 |a Blacharski, Dan 
245 1 0 |a Superior customer service :   |b how to keep customers racing back to your business-time-tested examples from leading companies   |c Dan W. Blacharski 
260 |a Florida :   |b Atlantic Publishing ,   |c 2006 
650 0 |a Customer relations   |x handbooks, manuals, etc. 
650 0 |a Customer services   |x handbooks, manuals, etc 
999 |a 0001018120   |b Book   |c Adult Collection   |e Perbadanan Perpustakaan Awam Johor